| 000 | 00919cab a2200277 4500 | ||
|---|---|---|---|
| 001 | ABS43191 | ||
| 008 | 090401t1990 xxu||||| |||| 00| 0 eng d | ||
| 035 | _a(Sirsi) u40715 | ||
| 041 | _aeng | ||
| 100 | _aFairchild, R.W. | ||
| 245 | _aLimited and non-recourse property loans: the current market | ||
| 260 | _c1990 | ||
| 350 | _a0 | ||
| 490 |
_aJournal of Property Finance _v1(1) Summer 1990, 50-59(9) |
||
| 520 | _aCharts the development of limited recourse and non-recourse property loans since the 1980s and variations of this form of funding . Also looks at off balance sheet financing. | ||
| 650 | _aBALANCE SHEET | ||
| 650 | _aBANKS | ||
| 650 | _aCOMMERCIAL MORTGAGES | ||
| 650 | _aCOMPANIES ACT 1985 | ||
| 650 | _aCOMPANIES ACT 1989 | ||
| 650 | _aCREDIT ENHANCEMENT | ||
| 650 | _aPROPERTY FINANCE | ||
| 690 | _aPROPERTY-PROPERTY FINANCE AND INVESTMENT | ||
| 942 | _n0 | ||
| 948 | _c04/03/1997 | ||
| 999 |
_c26094 _d26094 |
||